Introduction to sociology / (Record no. 2155)
[ view plain ]
| 000 -LEADER | |
|---|---|
| fixed length control field | 00703nam a2200217 a 4500 |
| 003 - CONTROL NUMBER IDENTIFIER | |
| control field | BD-DhJNU |
| 005 - DATE AND TIME OF LATEST TRANSACTION | |
| control field | 20250923052408.0 |
| 008 - FIXED-LENGTH DATA ELEMENTS--GENERAL INFORMATION | |
| fixed length control field | 171103s2018 nyuab b 001 0 eng |
| 020 ## - INTERNATIONAL STANDARD BOOK NUMBER | |
| International Standard Book Number | 9780393623956 |
| Qualifying information | (pbk.) |
| 020 ## - INTERNATIONAL STANDARD BOOK NUMBER | |
| International Standard Book Number | 9780393639407 |
| 040 ## - CATALOGING SOURCE | |
| Original cataloging agency | BD-DhJNU |
| Language of cataloging | ENG |
| Transcribing agency | BD-DhJNU |
| Modifying agency | BD-DhJNU |
| 082 00 - DEWEY DECIMAL CLASSIFICATION NUMBER | |
| Classification number | 301 INT |
| Edition number | 23 |
| 245 10 - TITLE STATEMENT | |
| Title | Introduction to sociology / |
| Statement of responsibility, etc. | Anthony Giddens [and three others]. |
| 250 ## - EDITION STATEMENT | |
| Edition statement | 11th ed. |
| 264 #1 - PRODUCTION, PUBLICATION, DISTRIBUTION, MANUFACTURE, AND COPYRIGHT NOTICE | |
| Place of production, publication, distribution, manufacture | New York : |
| Name of producer, publisher, distributor, manufacturer | W.W. Norton & Company, |
| Date of production, publication, distribution, manufacture, or copyright notice | [2018] |
| 300 ## - PHYSICAL DESCRIPTION | |
| Extent | xxi, 575 pages : |
| Other physical details | illustrations (chiefly color), color maps ; |
| Dimensions | 28 cm |
| 504 ## - BIBLIOGRAPHY, ETC. NOTE | |
| Bibliography, etc. note | Includes bibliographical references and index. |
| 650 #0 - SUBJECT ADDED ENTRY--TOPICAL TERM | |
| Topical term or geographic name entry element | Sociology. |
| 700 1# - ADDED ENTRY--PERSONAL NAME | |
| Personal name | Giddens, Anthony, |
| Relator term | author |
| 942 ## - ADDED ENTRY ELEMENTS (KOHA) | |
| Koha item type | Books |
| Withdrawn status | Lost status | Source of classification or shelving scheme | Damaged status | Not for loan | Collection | Home library | Current library | Shelving location | Date acquired | Total checkouts | Full call number | Barcode | Date last seen | Copy number | Price effective from | Koha item type |
|---|---|---|---|---|---|---|---|---|---|---|---|---|---|---|---|---|
| Dewey Decimal Classification | Non-fiction | Jagannath University Central Library | Jagannath University Central Library | General stacks | 09/23/2025 | 301 INT | JNUCL35806 | 09/23/2025 | 1 | 09/23/2025 | Books | |||||
| Dewey Decimal Classification | Non-fiction | Jagannath University Central Library | Jagannath University Central Library | General stacks | 09/23/2025 | 301 INT | JNUCL35807 | 09/23/2025 | 2 | 09/23/2025 | Books |